Online
Catalog
Normal view MARC view

Entry Término temático

Number of records used in: 25

001 - NÚMERO DE CONTROL

  • campo de control: 5702

003 - IDENTIFICADOR DEL NÚMERO DE CONTROL

  • campo de control: BNPHU

005 - FECHA Y HORA DE LA ÚLTIMA TRANSACCIÓN

  • campo de control: 20240417195416.0

008 - DATOS DE LONGITUD FIJA

  • campo de control de longitud fija: 200615|| aca||aabn | a|a d

010 ## - NÚMERO DE CONTROL DE LA BIBLIOTECA DEL CONGRESO

  • Número de control de LC: sh 85026344

040 ## - FUENTE DE LA CATALOGACIÓN

  • Centro catalogador/agencia de origen: DO-SdBNP
  • Lengua de catalogación: spa
  • Centro/agencia transcriptor: BNPHU
  • Normas de descripción: rda

150 ## - ENCABEZAMIENTO--TÉRMINO DE MATERIA

  • Término de materia o nombre geográfico como elemento de entrada: Derecho civil

360 ## - REFERENCIA COMPLEJA DE VÉASE ADEMÁS-MATERIA

  • Texto explicativo: encabezamientos legales especiales con
  • Encabezamiento referido a: Derecho civil
  • Texto explicativo: agregar entre paréntesis, por ejemplo
  • Encabezamiento referido a: Delegación (Derecho civil); Interdicto (Derecho civil)

450 ## - TRAZADO DE VÉASE--TÉRMINO DE MATERIA

  • Término de materia o nombre geográfico como elemento de entrada: Civil law

450 ## - TRAZADO DE VÉASE--TÉRMINO DE MATERIA

  • Término de materia o nombre geográfico como elemento de entrada: Derecho privado

550 ## - TRAZADO VÉASE ADEMÁS--TÉRMINO DE MATERIA

  • Término de materia o nombre geográfico como elemento de entrada: Derecho romano

550 ## - TRAZADO VÉASE ADEMÁS--TÉRMINO DE MATERIA

  • Término de materia o nombre geográfico como elemento de entrada: Condicio juris
  • Subcampo de control: h

550 ## - TRAZADO VÉASE ADEMÁS--TÉRMINO DE MATERIA

  • Término de materia o nombre geográfico como elemento de entrada: Condiciones (Derecho)
  • Subcampo de control: h

550 ## - TRAZADO VÉASE ADEMÁS--TÉRMINO DE MATERIA

  • Término de materia o nombre geográfico como elemento de entrada: Declaración unilateral de voluntad
  • Información miscelánea: h

550 ## - TRAZADO VÉASE ADEMÁS--TÉRMINO DE MATERIA

  • Término de materia o nombre geográfico como elemento de entrada: Coacción (Derecho)
  • Subcampo de control: h

550 ## - TRAZADO VÉASE ADEMÁS--TÉRMINO DE MATERIA

  • Término de materia o nombre geográfico como elemento de entrada: Roman law

670 ## - FUENTE DE DATOS ENCONTRADOS

  • Cita de la fuente: Work cat.: (OSt)1631: Morrison, Mateo, 1947- 1469, Derecho y relaciones internacionales /, 2008.

670 ## - FUENTE DE DATOS ENCONTRADOS

  • Identificador Uniforme del Recurso: https://librunam.dgb.unam.mx:8443/F/ESLH2Y21UY8F616F9D5GDSQVYFAI8ILJNK9TAIADKTAY3832S6-04400?func=full-set-set&set_number=031089&set_entry=000001&format=999 Consultado en: 17 de abril, 2024

680 ## - NOTA GENERAL PÚBLICA

  • Texto explicativo: Aqui se asientan las obras sobre las leyes que regulan todas las relaciones privadas entre los ciudadanos. Obras sobre sistemas legales derivados del derecho romano se asientan bajo
  • Encabezamiento o término de subdivisión: Sistemas de derecho civil

681 ## - NOTA DE EJEMPLO DE TRAZADO DE MATERIA

  • Texto explicativo: Nota bajo
  • Encabezamiento de materia o término de subdivisión: Sistemas de derecho civil

Powered by Koha